000 00867nam a2200277 i 4500
001 000010210
003 DO-SdBNP
005 20251215080909.0
007 ta
008 091005s1978 dr 000 p spa d
040 _aDO-SdBNP
_bspa
_cBNPHU
_erda
041 _aspa
082 4 _aRD861.44
_bH519e
_222
100 1 _aHenríquez Vergez, Homero
_eautor
_4aut.
_925209
245 1 0 _aEntre ruido y remanso /
_cHomero Henríquez Vergez.
264 _aSanto Domingo, República Dominicana :
_bImpresora Arte y Cine,
_c1978.
300 _a86 páginas ;
_c19 cm.
336 _atexto
_btxt
_2rdamedia
337 _asin mediación
_bn
_2rdamedia
338 _avolumen
_bnc
_2rdacarrier
590 _aInventariado, 2018/LP
650 0 _aPoesía dominicana
_966
650 0 _aLiteratura dominicana.
_967
910 _aValidado. Control de validad MFF
942 _2ddc
_cLBS1
999 _c9969
_d9969